[Event "1st Grobber Cup"]
[Site "SchemingMind.com"]
[Date "2005.03.07"]
[Round "-"]
[White "Brerrabbit"]
[Black "Grobber"]
[Result "0-1"]
[WhiteCountry "SCO"]
[BlackCountry "ISL"]
[WhiteElo "1293"]
[WhiteRD "74"]
[BlackElo "1383"]
[BlackRD "87"]
[GameID "10224"]

1. Nc3 Nf6 2. e4 Nc6 3. Nf3 e6 4. d4 Bb4 5. Bd2 d5 6. Bd3 Bxc3 7. Bxc3 dxe4 8. Ne5 exd3 9. Qxd3 O-O 10. O-O Nxe5
11. Qg3 Ng6 12. Rfe1 Qd6 13. Rad1 Qxg3 14. fxg3 Nd5 15. Bb4 Nxb4
0-1

[Event "1st Grobber Cup"]
[Site "SchemingMind.com"]
[Date "2005.03.07"]
[Round "-"]
[White "Grobber"]
[Black "Brerrabbit"]
[Result "1-0"]
[WhiteCountry "ISL"]
[BlackCountry "SCO"]
[WhiteElo "1383"]
[WhiteRD "87"]
[BlackElo "1293"]
[BlackRD "74"]
[GameID "10225"]

1. d4 Nc6 2. c4 d5 3. Nf3 Nf6 4. Nc3 Nxd4 5. Nxd4 e5 6. Ndb5 d4 7. Nd5 Bd6 8. Bg5 c6 9. Nxd6+ Qxd6 10. Nxf6+ gxf6
11. Bh6 Be6 12. Bg7 Rg8 13. Bxf6 Bxc4 14. Bh4 Rg4 15. Bg3 d3 16. exd3 Qb4+ 17. Ke2 Qxb2+ 18. Kf3 Qd4 19. Bxe5 Bd5+ 20. Ke2 Qxe5+
21. Kd2 O-O-O 22. Qxg4+ Kc7 23. Qg3 Qxg3 24. hxg3 b5 25. Rxh7 Kd6 26. Rh6+
1-0

[Event "1st Grobber Cup"]
[Site "SchemingMind.com"]
[Date "2005.03.07"]
[Round "-"]
[White "guiri1967"]
[Black "Grobber"]
[Result "1-0"]
[WhiteCountry "BEL"]
[BlackCountry "ISL"]
[WhiteElo "1609"]
[WhiteRD "73"]
[BlackElo "1383"]
[BlackRD "87"]
[GameID "10228"]

1. e4 c5 2. Bc4 e6 3. d3 Nc6 4. Nf3 Nf6 5. Bg5 Be7 6. e5 Ng4 7. Bxe7 Qxe7 8. Qe2 O-O 9. h3 Nh6 10. c3 a6
11. d4 cxd4 12. cxd4 Nf5 13. Bd3 Nfxd4 14. Nxd4 Nxd4 15. Qe4 Nf5 16. g4 d5 17. Qf4 Nh6 18. g5 Nf5 19. Nd2 Bd7 20. Nf3 h6
21. gxh6 Nxh6 22. Ng5 f5 23. Qh4 Nf7 24. Qh7#
1-0

[Event "1st Grobber Cup"]
[Site "SchemingMind.com"]
[Date "2005.03.07"]
[Round "-"]
[White "guiri1967"]
[Black "Brerrabbit"]
[Result "1-0"]
[WhiteCountry "BEL"]
[BlackCountry "SCO"]
[WhiteElo "1609"]
[WhiteRD "73"]
[BlackElo "1293"]
[BlackRD "74"]
[GameID "10229"]

1. e4 e5 2. Bc4 Nh6 3. d3 Nc6 4. Bxh6 gxh6 5. Qh5 Qe7 6. Nf3 Bg7 7. Nc3 Nb4 8. Nd5 Nxd5 9. Bxd5 Rf8 10. Nh4 d6
11. Nf5 Qf6 12. Nxg7+ Qxg7 13. O-O-O Bg4 14. Qh4 Bxd1 15. Rxd1 c6 16. Bb3 Rd8 17. f4 f6 18. Qh3 d5 19. exd5 cxd5 20. Qe6+ Qe7
21. Ba4+ Rd7 22. Bxd7+ Kd8 23. Qxe7+ Kxe7 24. Bf5 Rg8 25. fxe5 fxe5 26. Bxh7 Rxg2 27. h4 Kd6 28. h5 d4 29. Bg6 Ke6 30. Rf1 b5
31. Rf7 Rg1+ 32. Kd2
1-0

[Event "1st Grobber Cup"]
[Site "SchemingMind.com"]
[Date "2005.03.07"]
[Round "-"]
[White "Grobber"]
[Black "guiri1967"]
[Result "0-1"]
[WhiteCountry "ISL"]
[BlackCountry "BEL"]
[WhiteElo "1373"]
[WhiteRD "89"]
[BlackElo "1599"]
[BlackRD "74"]
[GameID "10230"]

1. d4 d5 2. c4 dxc4 3. Nc3 e6 4. e3 c6 5. Bxc4 b5 6. Bd3 Bb7 7. Nf3 c5 8. Bxb5+ Bc6 9. Qa4 Qd7 10. Bxc6 Qxc6
11. Qxc6+ Nxc6 12. O-O cxd4 13. Nxd4 Nxd4 14. exd4 Ne7 15. Nb5 Rb8 16. Nd6+ Kd7 17. Bf4 Rxb2 18. Nxf7 Rg8 19. Rfc1 Ng6 20. Rc7+ Ke8
21. Re1 Nxf4 22. g3 Ne2+ 23. Kf1 Nxd4 24. Re4 Rb1+ 25. Kg2 Rd1 26. Ng5 g6 27. Nxe6 Nf5 28. Rxa7 Be7 29. Ra8+ Kf7 30. Ra7 Kf6
31. Ra6 Rd6 32. Nc5 Rxa6 33. Nxa6 Ra8 34. Nc7 Rxa2 35. g4 Nh4+
0-1

[Event "1st Grobber Cup"]
[Site "SchemingMind.com"]
[Date "2005.03.07"]
[Round "-"]
[White "Brerrabbit"]
[Black "guiri1967"]
[Result "0-1"]
[WhiteCountry "SCO"]
[BlackCountry "BEL"]
[WhiteElo "1293"]
[WhiteRD "74"]
[BlackElo "1609"]
[BlackRD "73"]
[GameID "10231"]

1. Nc3 d5 2. d4 e6 3. Nf3 Bb4 4. Ng5 c5 5. e3 Qxg5 6. e4 Bxc3+ 7. Bd2 Qxd2+ 8. Qxd2 Bxd2+ 9. Kxd2 cxd4 10. Re1 dxe4
11. Rxe4 Nc6 12. Bb5 Bd7 13. Rhe1 Nge7 14. c3 dxc3+
0-1

[Event "1st Grobber Cup"]
[Site "SchemingMind.com"]
[Date "2005.03.07"]
[Round "-"]
[White "bohemian rhapsody"]
[Black "Grobber"]
[Result "1-0"]
[WhiteCountry "GBR"]
[BlackCountry "ISL"]
[WhiteElo "1813"]
[WhiteRD "175"]
[BlackElo "1383"]
[BlackRD "87"]
[GameID "10232"]

1. e4 c5 2. Nf3 Nc6 3. Bc4 e6 4. O-O Nf6 5. Nc3 d5 6. exd5 Nxd5 7. Bxd5 exd5 8. d4 cxd4 9. Re1+ Be7 10. Nxd4 O-O
11. Nxd5 Qxd5 12. Nxc6 Qxd1 13. Nxe7+ Kh8 14. Rxd1 Re8 15. Nxc8 Raxc8 16. c3 Rc7 17. Be3 Rc6 18. Rd7 Rb6 19. Bxb6
1-0

[Event "1st Grobber Cup"]
[Site "SchemingMind.com"]
[Date "2005.03.07"]
[Round "-"]
[White "bohemian rhapsody"]
[Black "guiri1967"]
[Result "1-0"]
[WhiteCountry "GBR"]
[BlackCountry "BEL"]
[WhiteElo "1885"]
[WhiteRD "124"]
[BlackElo "1578"]
[BlackRD "71"]
[GameID "10233"]

1. e4 e5 2. Nf3 Nc6 3. Bc4 Nf6 4. O-O Nxe4 5. d4 d6 6. dxe5 Nxe5 7. Nxe5 dxe5 8. Bxf7+ Ke7 9. Qf3 Nf6 10. Bb3 Be6
11. Qxb7 Bxb3 12. Qxb3 Qd5 13. c4 Qe4 14. Nc3 Qh4 15. Qb7 Rd8 16. Qxc7+ Ke8 17. Qxe5+ Kf7 18. Qa5 Ng4 19. h3 Bd6 20. Bg5 Bh2+
21. Kh1
1-0

[Event "1st Grobber Cup"]
[Site "SchemingMind.com"]
[Date "2005.03.07"]
[Round "-"]
[White "bohemian rhapsody"]
[Black "Brerrabbit"]
[Result "1-0"]
[WhiteCountry "GBR"]
[BlackCountry "SCO"]
[WhiteElo "1885"]
[WhiteRD "124"]
[BlackElo "1283"]
[BlackRD "69"]
[GameID "10234"]

1. e4 e5 2. Nf3 Nc6 3. Nc3 Nf6 4. Bb5 Nd4 5. O-O Bc5 6. Nxe5 a6 7. Ba4 c6 8. Nd3 Bb6 9. e5 Nd5 10. Nxd5 cxd5
11. Nf4 O-O 12. Nxd5 d6 13. c3 Be6 14. Nxb6 Qxb6 15. cxd4 Qxd4 16. d3 dxe5 17. Re1 b5 18. Re4 Qd5 19. Bb3 Qd6 20. Bxe6 Qxe6
21. Qe2 Rac8 22. Rxe5 Qf6 23. Bg5 Qc6 24. Be7 Rfe8 25. Re1 Qc2 26. Qg4 f6 27. Bxf6 Qc7 28. Rxe8+
1-0

[Event "1st Grobber Cup"]
[Site "SchemingMind.com"]
[Date "2005.03.07"]
[Round "-"]
[White "Grobber"]
[Black "bohemian rhapsody"]
[Result "0-1"]
[WhiteCountry "ISL"]
[BlackCountry "GBR"]
[WhiteElo "1373"]
[WhiteRD "89"]
[BlackElo "1919"]
[BlackRD "108"]
[GameID "10235"]

1. d4 c5 2. Nf3 cxd4 3. Nxd4 Nc6 4. Nxc6 bxc6 5. Nc3 e5 6. e3 Nf6 7. Bc4 d5 8. Bd3 Bc5 9. Bd2 e4 10. Be2 O-O
11. O-O Bf5 12. a3 Qc7 13. b4 Bd6 14. g3 Qd7 15. b5 Be5 16. bxc6 Qxc6 17. Qe1 Rac8 18. Bb5 Qc5 19. a4 Bxc3 20. Bxc3 Qxc3
21. Rc1 Bg4 22. Qxc3 Rxc3 23. a5 h5 24. a6 Rb8 25. Ba4 Be2 26. Rfe1 Bxa6
0-1

[Event "1st Grobber Cup"]
[Site "SchemingMind.com"]
[Date "2005.03.07"]
[Round "-"]
[White "guiri1967"]
[Black "bohemian rhapsody"]
[Result "0-1"]
[WhiteCountry "BEL"]
[BlackCountry "GBR"]
[WhiteElo "1578"]
[WhiteRD "71"]
[BlackElo "1885"]
[BlackRD "124"]
[GameID "10236"]

1. e4 e5 2. Bc4 Nf6 3. d3 Bc5 4. Nf3 O-O 5. Nxe5 d5 6. exd5 Re8 7. d4 Bxd4 8. Qxd4 Nc6 9. Qc3 Rxe5+ 10. Be3 Nxd5
11. Bxd5 Qxd5 12. O-O Bf5 13. Bf4 Nd4 14. Kh1 Re2 15. Na3 Nxc2 16. Nxc2 Rxc2 17. Rad1 Qxa2 18. Qd4 h6 19. Be5 f6 20. Bxf6 gxf6
21. Qxf6 Qe6 22. Rd8+ Rxd8 23. Qxd8+ Kg7 24. Kg1 Qd6 25. Qh4 Rxb2 26. h3 Rd2 27. g4 Be4 28. g5 Bf3 29. Qc4 Qe5 30. gxh6+ Kxh6
31. Qb4 Qg7+
0-1

[Event "1st Grobber Cup"]
[Site "SchemingMind.com"]
[Date "2005.03.07"]
[Round "-"]
[White "Brerrabbit"]
[Black "bohemian rhapsody"]
[Result "0-1"]
[WhiteCountry "SCO"]
[BlackCountry "GBR"]
[WhiteElo "1283"]
[WhiteRD "69"]
[BlackElo "1885"]
[BlackRD "124"]
[GameID "10237"]

1. Nc3 d5 2. d4 Nf6 3. Nf3 e6 4. Bg5 Bb4 5. Ne5 h6 6. Bh4 g5 7. Bg3 Ne4 8. Qd3 Bxc3+ 9. bxc3 Nd7 10. c4 Nxg3
11. Qxg3 Nxe5 12. Qxe5 f6 13. Qg3 dxc4 14. c3 Qd6 15. e4 Qxg3 16. hxg3 b5 17. d5 exd5 18. exd5 Bb7 19. O-O-O Rd8 20. Re1+ Kf8
21. g4 Bxd5 22. Rd1 Kg7 23. Be2 Bxg2 24. Rhg1 Bd5 25. Rge1 Rhe8 26. f4 gxf4 27. Rd2 f3
0-1

[Event "1st Grobber Cup"]
[Site "SchemingMind.com"]
[Date "2005.03.07"]
[Round "-"]
[White "pudutse"]
[Black "Grobber"]
[Result "1-0"]
[WhiteCountry "ARG"]
[BlackCountry "ISL"]
[WhiteElo "1827"]
[WhiteRD "96"]
[BlackElo "1383"]
[BlackRD "87"]
[GameID "10241"]

1. e4 c5 2. Nf3 Nc6 3. c3 e6 4. d4 cxd4 5. cxd4 Nf6 6. Nc3 Bb4 7. Bd3 O-O 8. O-O d5 9. e5 Nd7 10. a3 Ba5
11. Bxh7+ Kxh7 12. Ng5+ Kg8 13. Qh5 Re8 14. Qxf7+ Kh8 15. Qh5+ Kg8= 16. Qh7+ Kf8 17. Qh8+ Ke7 18. Qxg7#
1-0

[Event "1st Grobber Cup"]
[Site "SchemingMind.com"]
[Date "2005.03.07"]
[Round "-"]
[White "pudutse"]
[Black "guiri1967"]
[Result "1-0"]
[WhiteCountry "ARG"]
[BlackCountry "BEL"]
[WhiteElo "1827"]
[WhiteRD "96"]
[BlackElo "1609"]
[BlackRD "73"]
[GameID "10242"]

1. e4 e5 2. Nf3 d6 3. d4 Bg4 4. dxe5 Bxf3 5. Qxf3 dxe5 6. Bc4 Nf6 7. O-O Qd4 8. Qb3 Nxe4 9. Bxf7+ Kd8 10. Be3 Qd6
11. Nc3 Nxc3 12. Qxc3 Nd7 13. Rad1 Qf6 14. Bh5 Ke7 15. Qxc7 Ke6 16. Qxd7#
1-0

[Event "1st Grobber Cup"]
[Site "SchemingMind.com"]
[Date "2005.03.07"]
[Round "-"]
[White "pudutse"]
[Black "bohemian rhapsody"]
[Result "1-0"]
[WhiteCountry "ARG"]
[BlackCountry "GBR"]
[WhiteElo "1846"]
[WhiteRD "87"]
[BlackElo "1885"]
[BlackRD "124"]
[GameID "10244"]

1. e4 e5 2. Nf3 Nc6 3. Bc4 Nf6 4. Ng5 d5 5. exd5 Nxd5 6. Nxf7 Kxf7 7. Qf3+ Ke6 8. Nc3 Nb4 9. Bb3 c6 10. a3 Na6
11. Nxd5 cxd5 12. d4 exd4 13. O-O Nc7 14. Bf4 Bd6 15. Rfe1+ Kd7 16. Bxd6 Kxd6 17. Qf4+ Kc5 18. Rad1 Qf6 19. Qxc7+ Qc6 20. Qxg7 Rd8
21. Qxd4+
1-0

[Event "1st Grobber Cup"]
[Site "SchemingMind.com"]
[Date "2005.03.07"]
[Round "-"]
[White "Grobber"]
[Black "pudutse"]
[Result "0-1"]
[WhiteCountry "ISL"]
[BlackCountry "ARG"]
[WhiteElo "1383"]
[WhiteRD "87"]
[BlackElo "1827"]
[BlackRD "96"]
[GameID "10245"]

1. d4 Nf6 2. c4 g6 3. Nc3 c5 4. Nf3 cxd4 5. Nxd4 Nc6 6. e4 d6 7. Nxc6 bxc6 8. Bd3 Bg7 9. O-O O-O 10. f4 Ng4
11. f5 Qb6+ 12. Kh1 Nf2+ 13. Rxf2 Qxf2 14. fxg6 hxg6 15. Bg5 Qxb2 16. Na4 Qe5 17. h4 Qxa1 18. Qxa1 Bxa1 19. Bxe7 Be5 20. Bxf8 Kxf8
21. Kg1 Rb8 22. c5 Rb4 23. Bc2 dxc5 24. a3 Rc4 25. Bb3 Rc1+ 26. Kf2 c4
0-1

[Event "1st Grobber Cup"]
[Site "SchemingMind.com"]
[Date "2005.03.08"]
[Round "-"]
[White "guiri1967"]
[Black "pudutse"]
[Result "0-1"]
[WhiteCountry "BEL"]
[BlackCountry "ARG"]
[WhiteElo "1609"]
[WhiteRD "73"]
[BlackElo "1827"]
[BlackRD "96"]
[GameID "10246"]

1. e4 e5 2. Bc4 Nf6 3. d3 c6 4. a4 d5 5. exd5 cxd5 6. Bb5+ Nc6 7. Nf3 Qc7 8. d4 e4 9. Ne5 Bd6 10. Bf4 O-O
11. O-O Nxe5 12. dxe5 Bxe5 13. Bxe5 Qxe5 14. Re1 a6 15. Bd3 Qxb2
0-1

[Event "1st Grobber Cup"]
[Site "SchemingMind.com"]
[Date "2005.03.08"]
[Round "-"]
[White "Brerrabbit"]
[Black "pudutse"]
[Result "0-1"]
[WhiteCountry "SCO"]
[BlackCountry "ARG"]
[WhiteElo "1293"]
[WhiteRD "74"]
[BlackElo "1827"]
[BlackRD "96"]
[GameID "10247"]

1. e4 e5 2. Nf3 Nc6 3. Nc3 Nf6 4. Nxe5 Nxe5 5. d4 Ng6 6. e5 Ng8 7. Bc4 d6 8. Qf3 Be6 9. Qxb7 Qc8 10. Qc6+ Kd8
11. Ba6 N8e7 12. Qb5 Qd7 13. Qe2 Nf5 14. d5 Bxd5 15. Nxd5 Qc6 16. Nb4 Qxg2 17. e6 Qxh1+ 18. Kd2 Ne5 19. Kc3 Qf3+
0-1

[Event "1st Grobber Cup"]
[Site "SchemingMind.com"]
[Date "2005.03.08"]
[Round "-"]
[White "bohemian rhapsody"]
[Black "pudutse"]
[Result "1-0"]
[WhiteCountry "GBR"]
[BlackCountry "ARG"]
[WhiteElo "1919"]
[WhiteRD "108"]
[BlackElo "1773"]
[BlackRD "84"]
[GameID "10248"]

1. e4 e5 2. Nf3 Nc6 3. Bc4 Bc5 4. O-O d6 5. c3 Bg4 6. b4 Bb6 7. h3 Bh5 8. a4 a6 9. d3 h6 10. Na3 Nf6
11. g4 Bg6 12. Nh4 Bh7 13. a5 Ba7 14. Qf3 O-O 15. g5 Ne8 16. Qg4 hxg5 17. Bxg5 Qc8 18. Nf5 Kh8 19. Qh5 g6 20. Qh6 Rg8
21. Ng3 Nd8 22. Bxd8 Qxd8 23. Bxf7 Rg7 24. Bc4 Qf6 25. Kg2 Qf4 26. Qxf4 exf4 27. Ne2 g5 28. Nd4 Bxd4 29. cxd4 Nf6 30. e5 dxe5
31. dxe5 Nd7 32. d4 Rd8 33. Rfe1 Re7 34. b5 axb5 35. Nxb5 Nf8 36. a6 bxa6 37. Rxa6 c6 38. Rxc6 Bf5 39. Nd6 Bg6 40. e6 Kg7
41. d5 Nd7 42. Rc8
1-0

[Event "1st Grobber Cup"]
[Site "SchemingMind.com"]
[Date "2005.03.07"]
[Round "-"]
[White "AaronB"]
[Black "Grobber"]
[Result "0-1"]
[WhiteCountry "USA"]
[BlackCountry "ISL"]
[WhiteElo "1440"]
[WhiteRD "93"]
[BlackElo "1383"]
[BlackRD "87"]
[GameID "10259"]

1. e4 c5 2. Nf3 Nc6 3. d4 cxd4 4. Nxd4 Nf6 5. Nc3 e6 6. Ndb5 Bb4 7. a3 Ba5 8. b4 Bb6 9. Nd6+ Kf8 10. Be2 Qe7
11. O-O Bd4 12. Nxc8 Rxc8 13. Qd3 Bxc3 14. Qxc3 Nxe4 15. Qb2 Qf6 16. Be3 Qxb2
0-1

[Event "1st Grobber Cup"]
[Site "SchemingMind.com"]
[Date "2005.03.07"]
[Round "-"]
[White "AaronB"]
[Black "guiri1967"]
[Result "1-0"]
[WhiteCountry "USA"]
[BlackCountry "BEL"]
[WhiteElo "1440"]
[WhiteRD "93"]
[BlackElo "1609"]
[BlackRD "73"]
[GameID "10260"]

1. d4 d5 2. c4 c6 3. Nf3 dxc4 4. e3 b5 5. a4 a5 6. b3 cxb3 7. Qxb3 Nf6 8. axb5 Qb6 9. Bc4 e6 10. bxc6 Qxb3
11. Bxb3 Nxc6 12. Ba4 Bd7 13. O-O Bb4 14. Na3 O-O 15. Nc4 Nd5 16. Nce5 Nxe5 17. Nxe5 Bxa4 18. Rxa4 Nc3 19. Ra1 Rfc8 20. Ba3 Bxa3
21. Rxa3 a4 22. Nd3 Nb5 23. Raa1 h6 24. Rfc1 Nc3 25. Kf1 a3 26. Nc5 Nd5 27. Rc2 Nb4 28. Rc3 a2 29. Ke2 Rcb8 30. Rb3 Kf8
31. Nd7+ Ke7 32. Nxb8 Nc2 33. Rc1 a1=Q 34. Rxa1 Rxa1 35. Rb7+ Kf8 36. Kf3 Ne1+ 37. Kg3 Ra5 38. Nd7+ Kg8 39. Ne5 f6 40. Nf3 Nxf3
41. Kxf3 Rf5+ 42. Ke2 Ra5 43. h4 e5 44. dxe5 Rxe5 45. f4 Rh5 46. g3 g5 47. hxg5 fxg5 48. Rb5 Kf7 49. e4 Rh2+ 50. Kf3 gxf4
51. gxf4 h5 52. Kg3 Rh1 53. e5 Rg1+ 54. Kf2 Rg4 55. Ke3 Ke6 56. Ke4 h4 57. Rb6+ Ke7 58. Rh6 Kf7 59. Kf5 Kg7 60. Kxg4 Kxh6
61. Kxh4 Kg6 62. Kg4 Kf7 63. f5 Ke7 64. Kg5 Kf7 65. f6 Kf8 66. e6 Ke8 67. Kg6 Kf8 68. f7 Ke7 69. Kg7
1-0

[Event "1st Grobber Cup"]
[Site "SchemingMind.com"]
[Date "2005.03.07"]
[Round "-"]
[White "AaronB"]
[Black "pudutse"]
[Result "1/2-1/2"]
[WhiteCountry "USA"]
[BlackCountry "ARG"]
[WhiteElo "1440"]
[WhiteRD "93"]
[BlackElo "1827"]
[BlackRD "96"]
[GameID "10261"]

1. c4 c5 2. Nc3 Nc6 3. Nf3 Nf6 4. d4 cxd4 5. Nxd4 e6 6. g3 a6 7. Nxc6 bxc6 8. Bg2 d5 9. a3 Be7 10. O-O O-O
11. cxd5 cxd5 12. e4 dxe4 13. Nxe4 Nd5 14. Bd2 Bb7 15. Rc1 Qb6 16. b4 Rad8 17. Nc5 Ba8 18. Qe2 Qb5 19. Qxb5 axb5 20. Rfe1 h6
21. Ne4 Rc8 22. Nc3 Nxc3 23. Bxa8 Rxa8 24. Rxc3 Bf6 25. Rd3 Rfd8 26. Rxd8+ Rxd8 27. Be3 Rd3 28. Bc1 Kf8 29. Kg2 Ke7 30. Re2 Rd1
31. Bb2 Bxb2 32. Rxb2 Ra1 33. Rb3 e5 34. Re3 Kd6 35. g4 g5 36. Kg3 Ke6 37. Rc3 Kd6 38. f3 f6 39. Rc5 Rxa3 40. Rxb5 e4
41. Rf5 Ke6 42. b5 e3 43. Rc5 Rb3 44. Rc8 Ke7 45. Rc7+ Kd6 46. Rc6+ Ke7 47. Rc7+=
1/2-1/2

[Event "1st Grobber Cup"]
[Site "SchemingMind.com"]
[Date "2005.03.07"]
[Round "-"]
[White "AaronB"]
[Black "Brerrabbit"]
[Result "1-0"]
[WhiteCountry "USA"]
[BlackCountry "SCO"]
[WhiteElo "1440"]
[WhiteRD "93"]
[BlackElo "1293"]
[BlackRD "74"]
[GameID "10262"]

1. e4 e5 2. Bc4 Nf6 3. d3 d5 4. exd5 Nxd5 5. Nf3 Bg4 6. h3 Bh5 7. g4 Bg6 8. Nxe5 Bc5 9. Nxg6 fxg6 10. Nd2 O-O
11. Ne4 c6 12. Bd2 Nd7 13. Nxc5 Nxc5 14. Be3 Re8 15. Qd2 Qh4 16. O-O-O b5 17. Bxd5+ cxd5 18. Bxc5 Qd8 19. Rde1 Qc8 20. Rxe8+ Qxe8
21. Re1 Qf7 22. Re7 Qf6 23. Qe3 h5 24. Re8+ Rxe8 25. Qxe8+ Kh7 26. Qf8 Qe5 27. Qe7 Qf4+ 28. Qe3 Qa4 29. a3 b4 30. Bxb4 Qc6
31. Qxa7 Qf6 32. Bc3 Qf8 33. gxh5 gxh5 34. h4 Qf4+ 35. Kb1
1-0

[Event "1st Grobber Cup"]
[Site "SchemingMind.com"]
[Date "2005.03.07"]
[Round "-"]
[White "AaronB"]
[Black "bohemian rhapsody"]
[Result "0-1"]
[WhiteCountry "USA"]
[BlackCountry "GBR"]
[WhiteElo "1440"]
[WhiteRD "93"]
[BlackElo "1813"]
[BlackRD "175"]
[GameID "10263"]

1. d4 Nf6 2. c4 c5 3. d5 e6 4. Nc3 d6 5. e4 Be7 6. Nf3 O-O 7. Be2 exd5 8. exd5 Na6 9. O-O Bf5 10. Bd3 Qd7
11. Bxf5 Qxf5 12. a3 Rfe8 13. Re1 Nc7 14. Qd2 b5 15. b3 Rab8 16. Nh4 Qd7 17. Re3 bxc4 18. bxc4 Ng4 19. Rh3 Ne5 20. Qf4 Ng6
21. Qg3 Bxh4 22. Qd3 Re1+
0-1

[Event "1st Grobber Cup"]
[Site "SchemingMind.com"]
[Date "2005.03.08"]
[Round "-"]
[White "Grobber"]
[Black "AaronB"]
[Result "1/2-1/2"]
[WhiteCountry "ISL"]
[BlackCountry "USA"]
[WhiteElo "1383"]
[WhiteRD "87"]
[BlackElo "1440"]
[BlackRD "93"]
[GameID "10264"]

1. d4 Nf6 2. c4 e6 3. Nf3 b6 4. a3 Bb7 5. e3 d5 6. Be2 Be7 7. O-O O-O 8. Nc3 c5 9. cxd5 Nxd5 10. h3 Nd7
11. Bd3 N7f6 12. Qc2 cxd4 13. Nxd4 Rc8 14. Bd2 a6 15. Rac1 Nxc3 16. Bxc3 Nd5 17. Bxh7+ Kh8 18. Be4 Qd7 19. Qd3 f5 20. Bxd5 Bxd5
21. Qxa6 Bc4 22. Qxb6 Bxf1 23. Rxf1 Bc5 24. Qxe6 Qxe6 25. Nxe6 Rg8 26. Nxg7 Rxg7 27. Bxg7+ Kxg7 28. Rc1 f4 29. b4 fxe3 30. Rxc5 e2
31. Rxc8 e1=Q+ 32. Kh2 Qxf2 33. Rc7+ Kf6 34. Rc6+= Ke5 35. Rc5+ Kd6 36. Rc4 Qa2 37. Rc3 Qb2 38. Rf3 Kc6 39. Kg1 Qb1+=
1/2-1/2

[Event "1st Grobber Cup"]
[Site "SchemingMind.com"]
[Date "2005.03.08"]
[Round "-"]
[White "guiri1967"]
[Black "AaronB"]
[Result "0-1"]
[WhiteCountry "BEL"]
[BlackCountry "USA"]
[WhiteElo "1609"]
[WhiteRD "73"]
[BlackElo "1440"]
[BlackRD "93"]
[GameID "10265"]

1. e4 e5 2. Bc4 Nf6 3. Nc3 Nxe4 4. Nxe4 d5 5. Bxd5 Qxd5 6. d3 f5 7. Ng3 Qxg2 8. Qf3 Qxf3 9. Nxf3 Nc6 10. b3 Bb4+
11. Bd2 Bxd2+ 12. Nxd2 O-O 13. O-O-O Be6 14. h4 Rad8 15. Nf3 h6 16. c4 g6 17. Rde1 f4 18. Rxe5 Nxe5 19. Nxe5 fxg3 20. fxg3 Kg7
21. Kc2 Rf2+ 22. Kc3 Rxa2
0-1

[Event "1st Grobber Cup"]
[Site "SchemingMind.com"]
[Date "2005.03.07"]
[Round "-"]
[White "pudutse"]
[Black "AaronB"]
[Result "1/2-1/2"]
[WhiteCountry "ARG"]
[BlackCountry "USA"]
[WhiteElo "1827"]
[WhiteRD "96"]
[BlackElo "1440"]
[BlackRD "93"]
[GameID "10266"]

1. e4 e5 2. Nf3 Nf6 3. Nc3 Bb4 4. d3 Bxc3+ 5. bxc3 d6 6. Bg5 O-O 7. Be2 h6 8. Bh4 g5 9. Bg3 Nh5 10. d4 exd4
11. cxd4 Nxg3 12. hxg3 Kg7 13. Qd3 Bg4 14. Nd2 Bxe2 15. Qxe2 Re8 16. f4 f6 17. Qh5 Rh8 18. f5 Qe8 19. Qxe8 Rxe8 20. Ke2 Nc6
21. c3 b5 22. Kd3 Rab8 23. Rh5 a5 24. Rah1 Rh8 25. Rb1 Ne7 26. Nb3 Ra8 27. g4 a4 28. Nc1 Rab8 29. a3 c6 30. Ke3 c5
31. d5 Rb7 32. Nd3 Rhb8=
1/2-1/2

[Event "1st Grobber Cup"]
[Site "SchemingMind.com"]
[Date "2005.03.08"]
[Round "-"]
[White "bohemian rhapsody"]
[Black "AaronB"]
[Result "1-0"]
[WhiteCountry "GBR"]
[BlackCountry "USA"]
[WhiteElo "1813"]
[WhiteRD "175"]
[BlackElo "1440"]
[BlackRD "93"]
[GameID "10268"]

1. e4 c5 2. Nf3 Nc6 3. d4 cxd4 4. Nxd4 Nf6 5. Nc3 d6 6. Bb5 Bd7 7. O-O e5 8. Nf5 Bxf5 9. exf5 Qd7 10. Nd5 Nxd5
11. Qxd5 a6 12. Bd3 Nb4 13. Qe4 Nxd3 14. cxd3 Be7 15. d4 exd4 16. f6 gxf6 17. Bh6 f5 18. Qxd4 Rg8 19. Rfe1 Qc6 20. Bg7 b5
21. Rxe7+ Kxe7 22. Qf6+ Kd7 23. Qxf7+
1-0

[Event "1st Grobber Cup"]
[Site "SchemingMind.com"]
[Date "2005.03.08"]
[Round "-"]
[White "cnbcad"]
[Black "Grobber"]
[Result "0-1"]
[WhiteCountry "USA"]
[BlackCountry "ISL"]
[WhiteElo "1566"]
[WhiteRD "77"]
[BlackElo "1445"]
[BlackRD "90"]
[GameID "10337"]

1. e4 c5 2. d4 cxd4 3. Nf3 Nc6 4. Nxd4 Nf6 5. Nxc6 bxc6 6. Nc3 e6 7. e5 Nd5 8. Bd2 Bc5 9. Be2 Qb6 10. O-O Qxb2
11. Na4 Qd4 12. c4 Nb6 13. Nxc5 Qxc5 14. Bc3 Nxc4 15. Bd4 Qd5 16. Bf3 Qb5 17. Be2 Qd5 18. Bxc4 Qxc4 19. Qg4 O-O 20. Rfc1 Qa4
21. h3 d6 22. exd6 e5 23. Bxe5 Bxg4 24. hxg4 Qxg4
0-1

[Event "1st Grobber Cup"]
[Site "SchemingMind.com"]
[Date "2005.03.08"]
[Round "-"]
[White "cnbcad"]
[Black "guiri1967"]
[Result "1-0"]
[WhiteCountry "USA"]
[BlackCountry "BEL"]
[WhiteElo "1669"]
[WhiteRD "133"]
[BlackElo "1609"]
[BlackRD "73"]
[GameID "10338"]

1. e4 e5 2. Nf3 Nc6 3. Bc4 Nf6 4. Ng5 Ng4 5. Bxf7+ Ke7 6. Qxg4 d6 7. Qh4 Qd7 8. Be6 Qe8 9. Nxh7+ g5 10. Qxg5+ Kxe6
11. Qf6+ Kd7 12. Qxh8 Nd4 13. Nf6+
1-0

[Event "1st Grobber Cup"]
[Site "SchemingMind.com"]
[Date "2005.03.08"]
[Round "-"]
[White "cnbcad"]
[Black "pudutse"]
[Result "0-1"]
[WhiteCountry "USA"]
[BlackCountry "ARG"]
[WhiteElo "1566"]
[WhiteRD "77"]
[BlackElo "1846"]
[BlackRD "87"]
[GameID "10339"]

1. e4 e5 2. Nf3 Nc6 3. Bc4 Bc5 4. d3 Nf6 5. O-O d6 6. Ng5 O-O 7. Nc3 a6 8. Nd5 Nxd5 9. Bxd5 h6 10. Nf3 Ne7
11. c3 Nxd5 12. exd5 f5 13. d4 exd4 14. Nxd4 Qf6 15. b4 Bxd4 16. Qxd4 Qxd4 17. cxd4 Bd7 18. a3 Rae8 19. Bb2 Re2 20. Bc3 Rfe8
21. g3 Rc2 22. Rfc1 Ree2 23. Rxc2 Rxc2 24. Be1 Bb5 25. Rd1 Ra2 26. Rc1 c6 27. Rc3 Ra1 28. Re3 Rd1 29. Re6 Kf7 30. Kg2 cxd5
31. Rxd6 Rxe1 32. Rxd5 Ke6 33. Re5+ Rxe5 34. dxe5 Kxe5 35. f4+ Kd4 36. Kf3 Bc6+ 37. Kf2 Kc3 38. h4 Kb3 39. g4 fxg4 40. Kg3 h5
0-1

[Event "1st Grobber Cup"]
[Site "SchemingMind.com"]
[Date "2005.03.08"]
[Round "-"]
[White "cnbcad"]
[Black "Brerrabbit"]
[Result "1-0"]
[WhiteCountry "USA"]
[BlackCountry "SCO"]
[WhiteElo "1669"]
[WhiteRD "133"]
[BlackElo "1293"]
[BlackRD "74"]
[GameID "10340"]

1. e4 e5 2. Nf3 Nc6 3. Bc4 Nf6 4. O-O d5 5. exd5 Nxd5 6. Re1 Bd6 7. Bxd5 Nd4 8. Nxd4 Qg5 9. Nb5 Bh3 10. Nxd6+ cxd6
11. Qf3 Qxg2+ 12. Qxg2 Bxg2 13. Bxg2 O-O 14. Nc3 Rad8 15. Nd5 Rfe8 16. d4 f6 17. Nc7 Re7 18. Nb5 a6 19. Na7 Ra8 20. Bd5+ Kf8
21. dxe5 Rxa7 22. e6 b5 23. Bf4
1-0

[Event "1st Grobber Cup"]
[Site "SchemingMind.com"]
[Date "2005.03.08"]
[Round "-"]
[White "cnbcad"]
[Black "AaronB"]
[Result "1-0"]
[WhiteCountry "USA"]
[BlackCountry "USA"]
[WhiteElo "1669"]
[WhiteRD "133"]
[BlackElo "1440"]
[BlackRD "93"]
[GameID "10341"]

1. e4 d5 2. exd5 Nf6 3. Nc3 Nxd5 4. Nxd5 Qxd5 5. Nf3 Bg4 6. Be2 e6 7. h3 Bh5 8. O-O Be7 9. c4 Qc6 10. c5 Qxc5
11. d4 Qd5 12. Ne5 Bxe2 13. Qxe2 Qxd4 14. Rd1 Qb6 15. Qh5 g6 16. Qg4 O-O 17. Bh6 Rd8 18. Qf3 Rxd1+ 19. Rxd1 f6 20. Ng4 Qxb2
21. Bc1 Qb6 22. Nxf6+ Kg7 23. Ne8+ Kg8 24. Qc3
1-0